Nové trendy v riadení poisťovní – Solventnosť II diplomová práca

Uložené v:
Podrobná bibliografia
Hlavný autor: Rybár, Martin
Korporativný autor: Národohospodárska fakulta EU. Katedra poisťovníctva
Ďalší autori: Majtánová, Anna
Médium: Kniha
Jazyk:Slovak
Vydavateľské údaje: Bratislava 2018
Tagy: Pridať tag
Žiadne tagy, Buďte prvý, kto otaguje tento záznam!

MARC

LEADER 00000nbm a2200000 4500
001 0244412
005 20181126140349.3
041 0 |a slo 
044 |a SK 
245 1 0 |a Nové trendy v riadení poisťovní – Solventnosť II  |b diplomová práca  |c Martin Rybár ; školiteľ: Anna Majtánová 
264 1 |a Bratislava  |c 2018 
300 |a 75 s. 
100 1 |a Rybár, Martin 
700 1 |a Majtánová, Anna 
710 2 |a Národohospodárska fakulta EU. Katedra poisťovníctva